[Event "AUT-chT2O 1617"]
[Site "Austria"]
[Date "2017.01.14"]
[Round "6.6"]
[White "Hofegger, Jakob"]
[Black "Iro, Christian"]
[Result "0-1"]
[WhiteElo "2072"]
[BlackElo "1947"]
[PlyCount "104"]
[EventDate "2016.10.15"]
[EventType "team-tourn"]
[EventRounds "11"]
[EventCountry "AUT"]
[SourceTitle "CBM 177 Extra"]
[Source "ChessBase"]
[SourceDate "2017.04.27"]
[SourceVersion "1"]
[SourceVersionDate "2017.04.27"]
[SourceQuality "1"]
[WhiteTeam "Baden Invest"]
[BlackTeam "Austria"]
[WhiteTeamCountry "AUT"]
[BlackTeamCountry "AUT"]

1. Nf3 Nf6 2. g3 e6 3. Bg2 d5 4. 0-0 Be7 5. d3 0-0 6. Nbd2 c5 7. e4 Nc6 8. Re1 b5 9. exd5 exd5 10. d4 c4 11. a4 b4 12. Ne5 Nxd4 13. Ndxc4 Ne6 14. a5 Ba6 15. Ne3 Qc7 16. Nxd5 Nxd5 17. Bxd5 Rad8 18. Qf3 Bc5 19. c3 bxc3 20. bxc3 Bxf2+ 21. Kxf2 Qc5+ 22. Be3 Qxd5 23. Qxd5 Rxd5 24. Nc6 Rd7 25. Rad1 Rb7 26. Rb1 Rc7 27. Nxa7 Rxc3 28. Rec1 Ra3 29. Nc6 Ra2+ 30. Kg1 Bd3 31. Ra1 Re2 32. Re1 Rb2 33. a6 Be4 34. Ne5 Rg2+ 35. Kf1 f5 36. Bf2 Rxh2 37. a7 Ng5 38. Rxe4 fxe4 39. a8Q Rhxf2+ 40. Ke1 Rxa8 41. Rxa8+ Rf8 42. Rxf8+ Kxf8 43. Ke2 Ke7 44. Ke3 Ke6 45. Kf4 Nf7 46. Nc4 Nd6 47. Ne3 h6 48. Kg4 Ke5 49. Kh5 Nf5 50. Ng4+ Ke6 51. Kg6 e3 52. Nh2 Nd4 0-1

[Event "AUT-chT2O 1617"]
[Site "Austria"]
[Date "2016.11.13"]
[Round "4.5"]
[White "Hofegger, Jakob"]
[Black "Albadri, Samer"]
[Result "1-0"]
[WhiteElo "2072"]
[BlackElo "1956"]
[PlyCount "87"]
[EventDate "2016.10.15"]
[EventType "team-tourn"]
[EventRounds "11"]
[EventCountry "AUT"]
[SourceTitle "CBM 175 Extra"]
[Source "ChessBase"]
[SourceDate "2016.12.12"]
[SourceVersion "1"]
[SourceVersionDate "2016.12.12"]
[SourceQuality "1"]
[WhiteTeam "Baden Invest"]
[BlackTeam "Favoriten"]
[WhiteTeamCountry "AUT"]
[BlackTeamCountry "AUT"]

1. Nf3 d5 2. g3 c6 3. Bg2 Nf6 4. 0-0 Bf5 5. d3 h6 6. Nbd2 e6 7. b3 Be7 8. Bb2 0-0 9. Qe1 c5 10. e4 Bh7 11. Ne5 Nfd7 12. Nxd7 Qxd7 13. Qe2 Nc6 14. Qg4 d4 15. a4 Rad8 16. f4 e5 17. f5 Bg5 18. Nc4 Nb4 19. Qe2 Rfe8 20. Rf2 Kh8 21. h4 Bf6 22. Ba3 b6 23. Bf1 Rb8 24. Rh2 g6 25. fxg6 fxg6 26. Bh3 Qe7 27. Rf1 a6 28. Rhf2 Rf8 29. a5 b5 30. Nb6 Rbd8 31. Bxb4 cxb4 32. Nd5 Rxd5 33. exd5 Bg8 34. Bg2 Kg7 35. Be4 g5 36. hxg5 hxg5 37. Rh2 Rf7 38. Qh5 Kf8 39. Bg6 Ke8 40. Bxf7+ Bxf7 41. Qh6 e4 42. Qxf6 Qxf6 43. Rxf6 exd3 44. Rxf7 1-0

[Event "AUT-chT2O 1617"]
[Site "Austria"]
[Date "2016.10.16"]
[Round "2.6"]
[White "Hofegger, Jakob"]
[Black "Schmidrathner, Christian"]
[Result "1-0"]
[WhiteElo "2072"]
[BlackElo "2084"]
[PlyCount "57"]
[EventDate "2016.10.15"]
[EventType "team-tourn"]
[EventRounds "11"]
[EventCountry "AUT"]
[SourceTitle "EXT 2017"]
[Source "ChessBase"]
[SourceDate "2016.10.25"]
[SourceVersion "1"]
[SourceVersionDate "2016.10.25"]
[SourceQuality "1"]
[WhiteTeam "Baden Invest"]
[BlackTeam "Pressbaum"]
[WhiteTeamCountry "AUT"]
[BlackTeamCountry "AUT"]

1. Nf3 Nf6 2. g3 g6 3. Bg2 Bg7 4. 0-0 0-0 5. Re1 d6 6. e4 c5 7. c3 Nc6 8. h3 Ne5 9. d4 cxd4 10. cxd4 Nxf3+ 11. Qxf3 Qb6 12. Rd1 Bd7 13. Nc3 Rfc8 14. e5 dxe5 15. Qxb7 exd4 16. Qxb6 axb6 17. Bxa8 dxc3 18. Bb7 cxb2 19. Bxb2 Rc2 20. Bxf6 Bxf6 21. Rac1 Rxc1 22. Rxc1 Bxh3 23. Bc8 e6 24. Rc4 Bf5 25. Bb7 Be7 26. a4 Kg7 27. Rc7 Bd6 28. Rc6 Bc5 29. a5 1-0

[Event "AUT-chT2O 1617"]
[Site "Austria"]
[Date "2016.10.15"]
[Round "1.6"]
[White "Sekyra, Michael"]
[Black "Hofegger, Jakob"]
[Result "1-0"]
[WhiteElo "2099"]
[BlackElo "2072"]
[PlyCount "87"]
[EventDate "2016.10.15"]
[EventType "team-tourn"]
[EventRounds "11"]
[EventCountry "AUT"]
[SourceTitle "EXT 2017"]
[Source "ChessBase"]
[SourceDate "2016.10.25"]
[SourceVersion "1"]
[SourceVersionDate "2016.10.25"]
[SourceQuality "1"]
[WhiteTeam "Donaustadt"]
[BlackTeam "Baden Invest"]
[WhiteTeamCountry "AUT"]
[BlackTeamCountry "AUT"]

1. e4 e6 2. d4 d5 3. Nc3 Nf6 4. e5 Nfd7 5. f4 c5 6. Nf3 Nc6 7. Be3 Be7 8. Bd3 cxd4 9. Nxd4 Nc5 10. 0-0 Nxd3 11. Qxd3 0-0 12. Kh1 Bd7 13. Rf3 f6 14. Rh3 g6 15. Nf3 fxe5 16. fxe5 Rf5 17. Bd4 Qa5 18. Ne2 Raf8 19. c3 Qc7 20. Qe3 R8f7 21. g4 Rxf3 22. Rxf3 Rxf3 23. Qxf3 Be8 24. Qe3 Bf8 25. Nf4 Qd7 26. h4 b6 27. g5 Ne7 28. a4 Nf5 29. Qf2 h6 30. a5 hxg5 31. axb6 axb6 32. hxg5 Qe7 33. Bxb6 d4 34. cxd4 Bc6+ 35. d5 exd5 36. Bd4 Qxg5 37. Rg1 Qh6+ 38. Kg2 Bb4 39. Nxg6 Qg5+ 40. Kf3 Qh5+ 41. Kf4 Nxd4 42. Qxd4 Qh2+ 43. Kf5 Qh3+ 44. Kf6 1-0

[Event "Niederoesterreich Landesliga 1617"]
[Site "Austria"]
[Date "2016.10.02"]
[Round "1.4"]
[White "Schmid, Thomas"]
[Black "Hofegger, Jakob"]
[Result "0-1"]
[WhiteElo "2110"]
[BlackElo "2069"]
[PlyCount "96"]
[EventDate "2016.10.02"]
[EventType "team-tourn"]
[EventRounds "11"]
[EventCountry "AUT"]
[SourceTitle "EXT 2018"]
[Source "ChessBase"]
[SourceDate "2017.10.13"]
[SourceVersion "1"]
[SourceVersionDate "2017.10.13"]
[SourceQuality "1"]
[WhiteTeam "Stockerau"]
[BlackTeam "Baden Invest II"]
[WhiteTeamCountry "AUT"]
[BlackTeamCountry "AUT"]

1. e4 e6 2. d4 d5 3. Nd2 Nf6 4. e5 Nfd7 5. Bd3 c5 6. c3 Nc6 7. Ne2 Be7 8. 0-0 0-0 9. f4 f5 10. Nf3 Rb8 11. h3 Rf7 12. g4 Nf8 13. Be3 c4 14. Bc2 b5 15. a3 a5 16. Ng3 Qb6 17. Rf2 g6 18. Rg2 Kh8 19. gxf5 exf5 20. h4 Qb7 21. h5 b4 22. axb4 axb4 23. Ba4 Nd8 24. Qe1 Bd7 25. Bxd7 Qxd7 26. hxg6 hxg6 27. Nf1 Rh7 28. Ng5 Bxg5 29. Rxg5 Nde6 30. Rg2 b3 31. Qg3 Qb7 32. Rh2 Ra8 33. Rxh7+ Kxh7 34. Qe1 Ra6 35. Kg2 Qa8 36. Rxa6 Qxa6 37. Kf3 Qa2 38. Qc1 Nd7 39. Bf2 Nb6 40. Ne3 Qa7 41. Qh1+ Kg8 42. Qh6 Qh7 43. Qxh7+ Kxh7 44. Bh4 Nxd4+ 45. Kf2 Ne6 46. Bg3 Nc5 47. Ke2 Nd3 48. Nd1 Kg7 0-1

[Event "Vienna op-A"]
[Site "Vienna"]
[Date "2016.08.16"]
[Round "1"]
[White "Shengelia, Davit"]
[Black "Hofegger, Jakob"]
[Result "1-0"]
[WhiteElo "2572"]
[BlackElo "2069"]
[PlyCount "45"]
[EventDate "2016.08.16"]
[EventType "swiss"]
[EventRounds "9"]
[EventCountry "AUT"]
[SourceTitle "CBM 173 Extra"]
[Source "ChessBase"]
[SourceDate "2016.08.29"]
[SourceVersion "1"]
[SourceVersionDate "2016.08.29"]
[SourceQuality "1"]

1. d4 Nf6 2. c4 g6 3. Nf3 Bg7 4. g3 0-0 5. Bg2 d6 6. 0-0 c5 7. d5 Na6 8. Nc3 Rb8 9. e4 Nd7 10. Re1 Ne5 11. Nxe5 Bxe5 12. Bh6 Re8 13. f4 Bd4+ 14. Kh1 e6 15. e5 dxe5 16. fxe5 exd5 17. Nxd5 Rxe5 18. Rxe5 Bxe5 19. Qe2 Bd4 20. Rd1 f6 21. Nxf6+ Kh8 22. Rxd4 cxd4 23. Qe5 1-0

[Event "AUT-chT2O 1516"]
[Site "Austria"]
[Date "2016.04.09"]
[Round "10.1"]
[White "Hofegger, Jakob"]
[Black "Weissenbeck, Manuel"]
[Result "1/2-1/2"]
[WhiteElo "1990"]
[BlackElo "2246"]
[PlyCount "127"]
[EventDate "2015.10.17"]
[EventType "team-tourn"]
[EventRounds "11"]
[EventCountry "AUT"]
[SourceTitle "EXT 2017"]
[Source "ChessBase"]
[SourceDate "2016.10.25"]
[SourceVersion "1"]
[SourceVersionDate "2016.10.25"]
[SourceQuality "1"]
[WhiteTeam "Baden Invest"]
[BlackTeam "Pressbaum"]
[WhiteTeamCountry "AUT"]
[BlackTeamCountry "AUT"]

1. Nf3 c5 2. g3 Nc6 3. Bg2 d5 4. 0-0 Nf6 5. d3 e5 6. e4 Be7 7. Nc3 d4 8. Ne2 Bd7 9. Nd2 b5 10. h3 Qc8 11. Kh2 g5 12. a4 a6 13. c3 Rg8 14. Nb1 g4 15. h4 Rg6 16. Na3 Nd8 17. axb5 axb5 18. Bd2 Nh5 19. cxd4 cxd4 20. Qb3 Rb8 21. Rfc1 Qb7 22. Bf1 Rf6 23. Be1 Ne6 24. Qd1 Nc5 25. Rcb1 Be6 26. Nc1 Rg6 27. Nc2 Nb3 28. Nxb3 Bxb3 29. Qe2 b4 30. Rd1 Rc8 31. Rd2 Rgc6 32. Rc1 Nf6 33. Na1 Rxc1 34. Nxb3 R1c7 35. Na5 Qa8 36. Nc4 Rxc4 37. dxc4 Qxe4 38. Qd1 Qf5 39. Qa4+ Qd7 40. Qa5 Qc7 41. Qb5+ Nd7 42. Bd3 Qc6 43. Bxh7 Qxc4 44. Qb7 Qc6 45. Qxc6 Rxc6 46. Re2 Nf6 47. Bf5 e4 48. Bxe4 Nxe4 49. Rxe4 Re6 50. Rxe6 fxe6 51. b3 e5 52. Kg2 e4 53. Bd2 Kf7 54. Kf1 Kg6 55. Ke2 Bd6 56. Be1 Kf5 57. Bd2 Be7 58. Be1 Ke5 59. Bd2 Kd5 60. Kf1 d3 61. Ke1 Kd4 62. Kd1 Ke5 63. Be3 Kf5 64. Bd2 1/2-1/2

[Event "AUT-chT2O 1516"]
[Site "Austria"]
[Date "2016.03.06"]
[Round "8.6"]
[White "Mueller, Florian"]
[Black "Hofegger, Jakob"]
[Result "0-1"]
[WhiteElo "1786"]
[BlackElo "1990"]
[PlyCount "64"]
[EventDate "2015.10.17"]
[EventType "team-tourn"]
[EventRounds "11"]
[EventCountry "AUT"]
[SourceTitle "EXT 2017"]
[Source "ChessBase"]
[SourceDate "2016.10.25"]
[SourceVersion "1"]
[SourceVersionDate "2016.10.25"]
[SourceQuality "1"]
[WhiteTeam "Purbach"]
[BlackTeam "Baden Invest"]
[WhiteTeamCountry "AUT"]
[BlackTeamCountry "AUT"]

1. b3 Nf6 2. Bb2 g6 3. c4 Bg7 4. d4 0-0 5. Nf3 d6 6. e3 Nbd7 7. Qc2 Re8 8. Nbd2 e5 9. dxe5 dxe5 10. Be2 Qe7 11. 0-0 a6 12. Rfd1 e4 13. Ne1 Nf8 14. Nf1 h5 15. h4 Ng4 16. Bxg7 Kxg7 17. g3 Qf6 18. Bxg4 Bxg4 19. Rdc1 Nd7 20. Qc3 Ne5 21. Nh2 Bf5 22. Ng2 Rad8 23. Nf4 Nf3+ 24. Kg2 Qxc3 25. Rxc3 Nxh2 26. Kxh2 Rd2 27. Kg2 Red8 28. Rcc1 c6 29. a4 Bg4 30. Rf1 Rb2 31. Rab1 Rdd2 32. Kg1 Rxf2 0-1

[Event "AUT-ch U18"]
[Site "Marz"]
[Date "2013.03.26"]
[Round "5"]
[White "Ehs, Dominik"]
[Black "Hofegger, Jakob"]
[Result "1/2-1/2"]
[WhiteElo "1956"]
[BlackElo "1677"]
[PlyCount "62"]
[EventDate "2013.03.24"]
[EventType "swiss"]
[EventRounds "7"]
[EventCountry "AUT"]
[SourceTitle "CBM 153 Extra"]
[Source "ChessBase"]
[SourceDate "2013.04.22"]
[SourceVersion "1"]
[SourceVersionDate "2013.04.22"]
[SourceQuality "1"]

1. e4 e5 2. Nf3 Nc6 3. Bc4 Bc5 4. 0-0 Nf6 5. d4 Bxd4 6. Nxd4 Nxd4 7. f4 d6 8. fxe5 dxe5 9. Bg5 Be6 10. Na3 Qe7 11. Bxf6 gxf6 12. c3 Nc6 13. Kh1 Rg8 14. Qf3 Rg6 15. Bb5 Kf8 16. Bxc6 bxc6 17. Nc2 Kg8 18. Ne3 Kh8 19. Nf5 Qc5 20. b4 Qf8 21. Ng3 Rd8 22. Qe3 Qh6 23. Qxh6 Rxh6 24. Rfd1 Rg8 25. Kg1 Rhg6 26. Rd2 Kg7 27. Rf1 Kf8 28. Rfd1 Rg5 29. Rd8+ Ke7 30. Rxg8 Rxg8 31. a3 h5 1/2-1/2

[Event "AUT-ch U18"]
[Site "Marz"]
[Date "2013.03.25"]
[Round "3"]
[White "Guetz, Wolfgang"]
[Black "Hofegger, Jakob"]
[Result "1/2-1/2"]
[WhiteElo "1786"]
[BlackElo "1677"]
[PlyCount "66"]
[EventDate "2013.03.24"]
[EventType "swiss"]
[EventRounds "7"]
[EventCountry "AUT"]
[SourceTitle "CBM 153 Extra"]
[Source "ChessBase"]
[SourceDate "2013.04.22"]
[SourceVersion "1"]
[SourceVersionDate "2013.04.22"]
[SourceQuality "1"]

1. e4 e5 2. Nf3 Nc6 3. c3 Nf6 4. d4 Nxe4 5. d5 Nb8 6. Bd3 Nf6 7. Nxe5 Be7 8. 0-0 0-0 9. h3 d6 10. Ng4 Nxg4 11. hxg4 Nd7 12. f4 Re8 13. g5 Nf8 14. Qh5 g6 15. Qh6 Bf5 16. Bxf5 gxf5 17. Be3 Bxg5 18. fxg5 Rxe3 19. g6 Re7 20. gxh7+ Nxh7 21. Nd2 Re5 22. Rf3 Qf6 23. Qh2 Nf8 24. Rg3+ Ng6 25. Nf3 Re2 26. Ng5 Rae8 27. Qh7+ Kf8 28. Ne6+ R8xe6 29. dxe6 Qxe6 30. Qh6+ Ke8 31. b3 f4 32. Rf3 Qg4 33. Qh3 Qe6 1/2-1/2

[Event "AUT-ch U18"]
[Site "Marz"]
[Date "2013.03.24"]
[Round "2"]
[White "Hofegger, Jakob"]
[Black "Binder, Moriz"]
[Result "0-1"]
[WhiteElo "1677"]
[BlackElo "1974"]
[PlyCount "46"]
[EventDate "2013.03.24"]
[EventType "swiss"]
[EventRounds "7"]
[EventCountry "AUT"]
[SourceTitle "CBM 153 Extra"]
[Source "ChessBase"]
[SourceDate "2013.04.22"]
[SourceVersion "1"]
[SourceVersionDate "2013.04.22"]
[SourceQuality "1"]

1. Nf3 d6 2. g3 g6 3. Bg2 Bg7 4. 0-0 e5 5. d3 Ne7 6. c4 0-0 7. Nc3 c6 8. Rb1 f5 9. Qc2 Kh8 10. b4 d5 11. cxd5 cxd5 12. Bg5 Be6 13. Nd2 e4 14. dxe4 dxe4 15. Rfd1 Qc7 16. Rbc1 Rc8 17. Bxe7 Qxe7 18. Qb2 Nc6 19. a3 Nd4 20. Bf1 Nb5 21. Ndb1 Nxc3 22. Nxc3 Qf6 23. Rd6 Qe5 0-1